000 01311nam a2200361 i 4500
001 bg
003 BPK
005 20191015090429.0
008 060405s2006 pl a f |001 0 pol
015 _aPB 2006/7325
020 _a8301146125
020 _a9788301146122
040 _aWA N
_cBPK
041 1 _apol
_heng
080 _a530.1
080 _a536.7
080 _a519.2
080 _a(075.8)
100 1 _aHuang, Kerson
_d(1928- ).
_eAutor
245 1 0 _aPodstawy fizyki statystycznej /
_cKerson Huang ; z jęz. ang. tł. Magdalena Załuska-Kotur.
246 1 _iTyt. oryg.:
_aIntroduction to statistical physics,
_f2001.
260 _aWarszawa :
_bWydawnictwo Naukowe PWN,
_c2006.
300 _aXII, 259, [1] s. :
_bil. ;
_c24 cm.
504 _aBibliogr. s. 254-255. Indeks.
521 8 _aDla studentów wydziałów fizyki, astronomii, inżynierii materiałowej, chemii, a także dla wykładowców i pracowników naukowych.
655 4 _aPodręczniki akademickie
650 4 _aFizyka statystyczna
650 4 _aTermodynamika
700 1 _aZałuska-Kotur, Magdalena.
_eTł.
710 2 _aWydawnictwo Naukowe PWN
_4pbl.
856 4 1 _uhttp://koha.tu.koszalin.pl/cgi-bin/koha/opac-detail.pl?biblionumber=52655
_yKatalog online BPK
942 _2UKD
_cKS
999 _c52655
_d52655